| 000 | 00411nam a2200157Ia 4500 | ||
|---|---|---|---|
| 008 | 160316s1996 xxu||||| |||| 00| 0 eng d | ||
| 082 |
_a344.046000 _bEQU |
||
| 100 | _a | ||
| 245 | _aCoastal zone management plan (Zoning of coastal Karnataka) | ||
| 250 | _a | ||
| 260 |
_aBangalore _bEQUATIONS _c1996 |
||
| 300 |
_a106 _b _c |
||
| 365 | _b | ||
| 650 | _a1. Coastal zone - features - estuaries | ||
| 700 |
_a _a |
||
| 999 |
_c37006 _d37006 |
||